MyGZULibrary

Introduction to social research : (Record no. 1216)

MARC details
000 -LEADER
fixed length control field 01399cam a2200373 a 4500
001 - CONTROL NUMBER
control field 13984848
003 - CONTROL NUMBER IDENTIFIER
control field GZU
005 - DATE AND TIME OF LATEST TRANSACTION
control field 20200930153539.0
008 - FIXED-LENGTH DATA ELEMENTS--GENERAL INFORMATION
fixed length control field 050527s2005 enka b 001 0 eng
010 ## - LIBRARY OF CONGRESS CONTROL NUMBER
LC control number 2004099537
015 ## - NATIONAL BIBLIOGRAPHY NUMBER
National bibliography number GBA478437
Source bnb
016 7# - NATIONAL BIBLIOGRAPHIC AGENCY CONTROL NUMBER
Record control number 013028487
Source Uk
020 ## - INTERNATIONAL STANDARD BOOK NUMBER
International Standard Book Number 0761944176 (pbk.)
020 ## - INTERNATIONAL STANDARD BOOK NUMBER
International Standard Book Number 0761944168 (hbk.)
035 ## - SYSTEM CONTROL NUMBER
System control number (OCoLC)ocm56912190
040 ## - CATALOGING SOURCE
Original cataloging agency UKM
Transcribing agency UKM
Modifying agency BWKUK
-- OCL
-- BAKER
-- DLC
042 ## - AUTHENTICATION CODE
Authentication code lccopycat
050 00 - LIBRARY OF CONGRESS CALL NUMBER
Classification number H 62
Item number .PUN 2005
082 04 - DEWEY DECIMAL CLASSIFICATION NUMBER
Classification number 300.72
Edition number 22
100 1# - MAIN ENTRY--PERSONAL NAME
Personal name Punch, Keith.
245 10 - TITLE STATEMENT
Title Introduction to social research :
Remainder of title quantitative and qualitative approaches /
Statement of responsibility, etc. Keith F. Punch.
250 ## - EDITION STATEMENT
Edition statement 2nd ed.
260 ## - PUBLICATION, DISTRIBUTION, ETC.
Place of publication, distribution, etc. London ;
-- Thousand Oaks, Calif. :
Name of publisher, distributor, etc. SAGE,
Date of publication, distribution, etc. 2005.
300 ## - PHYSICAL DESCRIPTION
Extent xvi, 320 p. :
Other physical details ill. ;
Dimensions 25 cm.
500 ## - GENERAL NOTE
General note Previous ed.: 1998.
504 ## - BIBLIOGRAPHY, ETC. NOTE
Bibliography, etc. note Includes bibliographical references (p. [296]-308) and index.
650 #0 - SUBJECT ADDED ENTRY--TOPICAL TERM
Topical term or geographic name entry element Social sciences
General subdivision Research.
856 42 - ELECTRONIC LOCATION AND ACCESS
Materials specified Publisher description
Uniform Resource Identifier <a href="http://www.loc.gov/catdir/enhancements/fy0657/2004099537-d.html">http://www.loc.gov/catdir/enhancements/fy0657/2004099537-d.html</a>
856 41 - ELECTRONIC LOCATION AND ACCESS
Materials specified Table of contents only
Uniform Resource Identifier <a href="http://www.loc.gov/catdir/enhancements/fy0657/2004099537-t.html">http://www.loc.gov/catdir/enhancements/fy0657/2004099537-t.html</a>
906 ## - LOCAL DATA ELEMENT F, LDF (RLIN)
a 7
b cbc
c copycat
d 3
e ncip
f 20
g y-gencatlg
942 ## - ADDED ENTRY ELEMENTS (KOHA)
Source of classification or shelving scheme Library of Congress Classification
Koha item type Books
Edition 2nd ed.
Classification part 62
Item part PUN
Call number prefix H
Holdings
Withdrawn status Lost status Damaged status Not for loan Collection code Home library Current library Shelving location Date acquired Total Checkouts Full call number Barcode Date last seen Copy number Price effective from Koha item type
        Non-fiction City Campus Library City Campus Library General Stacks 09/30/2020   H 62 PUN 2005 010136 09/30/2020 c.1 09/30/2020 Books
        Non-fiction City Campus Library City Campus Library General Stacks 09/30/2020   H 62 PUN 2005 001206 09/30/2020 c.2 09/30/2020 Books
        Non-fiction City Campus Library City Campus Library General Stacks 09/30/2020   H 62 PUN 2005 009860 09/30/2020 c.3 09/30/2020 Books